Loreto College Library, Kolkata
WEBOPAC (ONLINE PUBLIC ACCESS CATALOGUE)

Educational Psychology, (Record no. 11178)

MARC details
000 -LEADER
fixed length control field 00608nam a2200205Ia 4500
005 - DATE AND TIME OF LATEST TRANSACTION
control field 20240206113057.0
008 - FIXED-LENGTH DATA ELEMENTS--GENERAL INFORMATION
fixed length control field 131103s9999 xx 000 0 und d
040 ## - CATALOGING SOURCE
Original cataloging agency Loreto College
041 ## - LANGUAGE CODE
Language code English
082 ## - DDC | ডিউই
Classification number | বর্গসংখ্যা 370.15
Book Number | গ্রন্থাঙ্ক MAL
100 ## - MAIN ENTRY--PERSONAL NAME | মুখ্য সংলেখ - ব্যাক্তিনাম
Personal name | ব্যাক্তিনাম Maltby,Florence
245 ## - TITLE STATEMENT | অাখ্যা বিবরণী
Title | অাখ্যা Educational Psychology,
Sub title | উপঅাখ্যা An Australian and New Zealand Perspective,
Statement of responsibility | লেখকের দায়িত্বের বিবরণ Florence Maltby
260 ## - IMPRINT | প্রকাশনা ক্ষেত্র
Place of publication | প্রকাশ স্থান Brisbone
Name of publisher | প্রকাশকের নাম John Wiley & Sons
Date of publication | প্রকাশ কাল 1995
300 ## - PHYSICAL DESCRIPTION |
Page / Vol. No | পৃষ্ঠা / খন্ড সংখ্যা xiv,712 p.
Other physical details | অনান্য বাহ্যিক বিবরণ illus.,charts,dia.,fig.,photos,tables
650 ## - SUBJECT ADDED ENTRY--TOPICAL TERM | বিষয় শিরোনাম - মূল বিষয়
Topical term | মূল বিষয় Education
651 ## - SUBJECT ADDED ENTRY--GEOGRAPHIC NAME | বিষয় শিরোনাম - ভৌগলিক নাম
Geographic name | ভৌগলিক বিষয় Educational Psychology
700 ## - ADDED ENTRY--PERSONAL NAME | অতিরিক্ত সংলেখ - ব্
Personal name | ব্যাক্তিনাম Gage,N.L.
850 ## - HOLDING INSTITUTION
Holding institution LCLIB
942 ## - ADDED ENTRY ELEMENTS (KOHA)
Koha item type Books
Holdings
Withdrawn status Lost status Source of classification Damaged status Not for loan Home library Current library Date acquired Total Checkouts Total Renewals Full call number Accession No. Date last seen Date checked out Price effective from Koha item type Coded location qualifier
    Dewey Decimal Classification     Loreto College Loreto College 04/11/2013 8 2 370.15 MAL 40746 B11071 18/03/2019 18/03/2019 04/11/2013 Books